| 000 | 00767nam a2200241Ia 4500 | ||
|---|---|---|---|
| 003 | GCL | ||
| 008 | 140319s9999 xx 000 0 ara d | ||
| 040 |
_aGCL / _cGCL |
||
| 082 | 0 | 4 |
_a350 _bا ن |
| 100 | 1 | _aاحمد رشيد | |
| 245 | 1 | 0 |
_aنظرية الادارة العامة العملية الادارية فى الجهاز الادارى (هدية من الاديب عبدالفتاح الجمل) / _cاحمد رشيد |
| 300 | _a664 ص | ||
| 490 | _a | ||
| 650 | 0 | 4 | _aالاقتصاد |
| 650 | 0 | 4 | _aالادارة |
| 650 | 0 | 4 | _aالتخطيط |
| 650 | 0 | 4 | _aالتنظيم |
| 650 | 0 | 4 | _aالقانون الادارى |
| 650 | 0 | 4 | _aالادارة العامة |
| 650 | 0 | 4 | _aادارة الافراد |
| 650 | 0 | 4 | _aالافراد |
| 942 |
_2ddc _cBK |
||
| 999 |
_c41138 _d41138 |
||